Γλώσσα και γραμματισμός στη νέα χιλιετία

Αποθηκεύτηκε σε:
Λεπτομέρειες βιβλιογραφικής εγγραφής
Άλλοι συγγραφείς: Παπούλια-Τζελέπη, Παναγιώτα (Επιμελητής έκδοσης), Τάφα, Ευφημία (Επιμελητής έκδοσης)
Μορφή: Βιβλίο
Γλώσσα:Greek
Δημοσίευση: Αθήνα : Ελληνικά Γράμματα, 2004
Θέματα:
Ετικέτες: Προσθήκη ετικέτας
Δεν υπάρχουν, Καταχωρήστε ετικέτα πρώτοι!

MARC

LEADER 00000nam a2200000 i 4500
001 1/57850
008 071010s2004 gre d
020 |a 960-406-680-3 
035 |l 10091386 
040 |a GR-MY-UA  |b gre  |e aacr 
041 0 |a gre 
082 0 |a 410  |2 (22) 
245 1 0 |a Γλώσσα και γραμματισμός στη νέα χιλιετία /  |c επιστημονική επιμέλεια Π. Παπούλια-Τζελέπη, Ε. Τάφα 
260 |a Αθήνα :   |b Ελληνικά Γράμματα,   |c 2004 
300 |a 269 σ.;  |c 24 εκ. 
504 |a Περιλαμβάνει βιβλιογραφίες και ευρετήριο 
650 0 0 |a Language arts (Preschool) 
650 0 0 |a Language acquisition  |x Research  |x Methodology. 
650 0 0 |a Reading (Preschool)  |x Language experience approach. 
700 1 |a Παπούλια-Τζελέπη, Παναγιώτα.  |4 edt 
700 1 |a Τάφα, Ευφημία.  |4 edt 
852 |a INST  |b RHODES  |e 20071010  |h 410 ΓΛΩ  |p 005400025442  |q 005400025442  |t BK  |y 0 
901 |a BIBL4-2007-3 
909 |a Ρ  |b 136649 
922 |a 4ΕΛΗ  |b 200707  |c ΕΠΕΑΕΚ2/ΠΤΔΕ  |d Σ. ΠΑΤΑΚΗΣ 
970 |a ΜΙΣΣΟΣ  |b ΣΤΑΥΡΟΣ  |z 2007/10/10